000 00697cab a2200289 4500
001 ABS48942
008 090401t1993 xxu||||| |||| 00| 0 eng d
035 _a(Sirsi) u69199
041 _aeng
245 _aSurvey: Merseyside
260 _c1993
350 _a0
490 _aEstates Times
_v(1199) 23/30 July 1993, 18-23(6)
650 _aAIRPORTS
650 _aINDUSTRIAL
650 _aLIVERPOOL
650 _aNEW TOWNS
650 _aOFFICES
650 _aRUNCORN
650 _aSKELMERSDALE
650 _aUDC
650 _aURBAN DEVELOPMENT
650 _aWARRINGTON
690 _aPROPERTY-COMMERCIAL PROPERTY-COMMERCIAL PROPERTY MARKET
942 _n0
948 _c04/03/1997
999 _c43469
_d43469